000 00888nam a22002777a 4500
001 BR8800848
003 BR-BrBNA
005 20230928092837.0
007 ta
008 230509b bl.||||| |||| 00| 0 por d
040 _aBR-BrBNA
_bpor
_cBiblioteca Nacional de Agricultura
041 _a(Por)
072 _aE14; E50
_b1820
_b/G514
090 _ 1820 BR8800848
110 1 _aSecretaria do Planejamento, Ciencia e Tecnologia, Salvador, BA (Brasil). Companhia de Desenvolvimento e Acao Regional
_99101
245 1 _aResumo do projeto de fomento a producao olericola na regiao de Jaguaquara [Bahia]
260 3 _aSalvador, BA (Brasil):
_c1983.
300 _a32 p.
650 _aOLERICULTURA
650 _aPEQUENO PRODUTOR
650 _aPROJETO DE DESENVOLVIMENTO
650 _aDESENVOLVIMENTO AGRICOLA
650 _aBAHIA
909 _a202309
_bLucia
_c55
_dLucia Elande
942 _cBK
999 _c41529
_d41529